书目信息 |
| 题名: |
联合国维持和平行动
|
|
| 作者: | 刘恩照 著 | |
| 分册: | ||
| 出版信息: | 北京 法律出版社 1999.07 |
|
| 页数: | 260页 | |
| 开本: | 32开 | |
| 丛书名: | ||
| 单 册: | ||
| 中图分类: | D814.2 | |
| 科图分类: | ||
| 主题词: | 国际关系 | |
| 电子资源: | ||
| ISBN: | 7-5036-1188-X | |
| 000 | 00551nam0 2200193 45 | |
| 001 | 0010251917 | |
| 005 | 20001025194245.9 | |
| 010 | @a7-5036-1188-X@d15.00元 | |
| 100 | @a20001025d1999 km y0chiy0120 ea | |
| 101 | 0 | @achi |
| 105 | @a z 000yy | |
| 200 | 1 | @a联合国维持和平行动@ALian He Guo Wei Chi He Ping Xing Dong@f刘恩照著@FLiu En Zhao Zhu |
| 210 | @a北京@c法律出版社@d1999.07 | |
| 215 | @a260页@d32开 | |
| 606 | 0 | @a国际关系 |
| 690 | @aD814.2@v3 | |
| 701 | 0 | @a刘恩照@4著 |
| 801 | @aCN@bPftUser@c20001025 | |
| 905 | @b189931-935@dD814.2@eL963@f5 | |
| 联合国维持和平行动/刘恩照著.-北京:法律出版社,1999.07 |
| 260页;32开 |
| ISBN 7-5036-1188-X:15.00元 |
| ● |
| 相关链接 |
|
|
|
正题名:联合国维持和平行动
索取号:D814.2/L963
 
预约/预借
| 序号 | 登录号 | 条形码 | 馆藏地/架位号 | 状态 | 备注 |
| 1 | 189931 | 201899311 | 社科库509/509社科库 78排8列3层/ [索取号:D814.2/L963] | 在馆 | |
| 2 | 189932 | 201899320 | 社科库509/509社科库 78排8列3层/ [索取号:D814.2/L963] | 在馆 | |
| 3 | 189933 | 201899339 | 社科库509/509社科库 78排8列3层/ [索取号:D814.2/L963] | 在馆 | |
| 4 | 189934 | 201899348 | 社科库509/509社科库 78排8列3层/ [索取号:D814.2/L963] | 在馆 | |
| 5 | 189935 | 201899357 | 社科库509/509社科库 78排8列3层/ [索取号:D814.2/L963] | 在馆 |